000 01410nam a2200265Ii 4500
003 JO-AjNU
005 20240623125210.0
008 230605s9999||||xx |||||||||||||| ||und||
040 _aJO-AjNU
_bara
_erda
_cJO-AjNU
041 _aara
050 _aHF5655.
_bA7.N353 2016
100 1 _aالنجار، عفاف صلاح
_964757
_eمعد
245 0 _aتصور الشركات المساهمة العامة الصناعية الأردنية حول الخصائص المرغوبة في خريجي المحاسبة = The Perception of Jordanian Corporations About the Desirable Attributes for Accounting Graduates /
_cإعداد عفاف صلاح النجار ؛ اشراف تركي راجي الحمود.
260 _c2016
300 _a105 ورقة
336 _atext
_btxt
_2rdacontent
337 _aunmediated
_bn
_2rdamedia
338 _avolume
_bnc
_2rdacarrier
500 _aرسالة جامعية (ماجستير) .- جامعة اليرموك (إربد ، الأردن)، كلية الاقتصاد والعلوم الإدارية، قسم المحاسبة، 2016.
501 _aتحتوي على ملاحق
504 _aتحتوي على مراجع باللغتين العربية والانجليزية
650 4 0 _aمدققو الحسابات-تدقيق الحسابات-المحاسبة-الاردن.
_964760
700 1 _aالحمود، تركي راجي
_964635
_eمشرف
942 _2lcc
_cTHS
999 _c33004
_d33004